000 00770nam a22001577a 4500
003 OSt
005 20150922140505.0
008 150922b xxu||||| |||| 00| 0 eng d
040 _cRUA
082 _aAGR CHA 2007 B035 Or.1
100 _91109
_aCHAK SOKNA
245 _aEffect of nutrient on the growth of wood ear using SAW dust substrate of royal university of agriculture,(ប្រសិទ្ធភាពនៃជីបំប៉នទៅលើការលូតលាស់របស់ផ្សិតត្រចៀកកណ្ដុរលើកំទេចអាចម៍រណា នៅសាកលវិទ្យាល័យភូមិន្ទកសិកម្ម)
260 _aphnom penh
_bRUA
_c2007
300 _axviii,52p.
_cill.
_g29cm.
942 _2ddc
_cAGR
999 _c1061
_d1061